Дешара книжка. Дакъа 2 (Запись № 11043792)

Подробности
000 -МАРКЕР
контрольное поле 01040nam2a2200253 4500
001 - ИДЕНТИФИКАТОР ЗАПИСИ
контрольное поле RU\NLR\BIBL_A\011315142
005 - ИДЕНТИФИКАТОР ВЕРСИИ
контрольное поле 20250810072142.0
035 ## - ДРУГИЕ СИСТЕМНЫЕ НОМЕРА
Идентификатор записи (NLR Aleph) 011315142
100 ## - ДАННЫЕ ОБЩЕЙ ОБРАБОТКИ
Данные общей обработки 20170124d1941 c y0rusy50 ca
101 0# - ЯЗЫК РЕСУРСА
Язык текста, звукозаписи и т.д. ингушский
102 ## - СТРАНА ПУБЛИКАЦИИ ИЛИ ПРОИЗВОДСТВА
Страна публикации Российская Федерация
105 ## - ПОЛЕ КОДИРОВАННЫХ ДАННЫХ: ТЕКСТОВЫЕ МАТЕРИАЛЫ, МОНОГРАФИЧЕСКИЕ
Кодированные данные о монографическом текстовом документе a z 000 y
200 1# - ЗАГЛАВИЕ И СВЕДЕНИЯ ОБ ОТВЕТСТВЕННОСТИ
Основное заглавие Дакъа 2
Сведения, относящиеся к заглавию юххьанцарча школан шоллагIча классанна
205 ## - СВЕДЕНИЯ ОБ ИЗДАНИИ
Сведения об издании 4-гIа арахийцар
210 ## - ПУБЛИКАЦИЯ, РАСПРОСТРАНЕНИЕ И ДР.
Дата издания, распространения и т.д. 1941
215 ## - ФИЗИЧЕСКАЯ ХАРАКТЕРИСТИКА
Специфическое обозначение материала и объем 124, [4] с.
Другие сведения о физической характеристике ил.
461 #0 - УРОВЕНЬ НАБОРА
Встроенное поле 001RU\NLR\BIBL_A\011315141
-- 2001#$aДешара книжка$fЗортов Iумар$vДакъа 2
-- 700#1$aДзортов$bУ.$4070
Системный номер (АБИС) связанной записи 11043788
Автор Дзортов, У.
Место публикации Шолж-ГIала
Дата публикации 1941
Первые сведения об ответственности Зортов Iумар
Имя издателя, распространителя и т.д. НохчгIалгIпачхьалкхиздат
Заглавие Дешара книжка
Номер тома Дакъа 2
852 ## - МЕСТОНАХОЖДЕНИЕ И ШИФР ХРАНЕНИЯ
Идентификатор организации NLR
Наименование фонда или коллекции (Sub-Location Identifier) ОНЛ
Шифр хранения (Call Number) Ингуш./3-189
942 ## - ДОПОЛНИТЕЛЬНЫЕ ЭЛЕМЕНТЫ ЗАПИСИ (АБИС)
Тип экземпляра АБИС Книга
945 ## - Информацию об издании предоставили:
Полное название организации, предоставившей материал Российская национальная библиотека
980 ## - КОЛЛЕКЦИЯ
Название коллекции Национальная библиография
980 ## - КОЛЛЕКЦИЯ
Название коллекции Библиография Победы
Экземпляры
Тип экземпляра Дата поступления Библиотека постоянного хранения Библиотека текущего хранения Место хранения Шифр хранения Штрих-код Статус экземпляра
Книга 24.01.2017 РНБ (Московский) РНБ (Московский) Фонд национальных литератур ОНЛ Ингуш./3-189 1-1445677